[Event "Nantes op 6th"]
[Site "Nantes"]
[Date "2007.12.27"]
[Round "3"]
[White "Seveno, Corentin"]
[Black "Mahe, Romain"]
[Result "0-1"]
[WhiteElo "1150"]
[BlackElo "2047"]
[PlyCount "28"]
[EventDate "2007.12.26"]
[EventType "swiss"]
[EventRounds "7"]
[EventCountry "FRA"]
[SourceTitle "CBM 122 Extra"]
[Source "ChessBase"]
[SourceDate "2008.03.04"]
[SourceVersion "1"]
[SourceVersionDate "2008.03.04"]
[SourceQuality "1"]

1. d4 d5 2. c4 Bf5 3. Nc3 e6 4. e3 Nc6 5. Bd3 Bxd3 6. Qxd3 Nf6 7. e4 dxe4 8. Nxe4 Nxe4 9. Qxe4 Qxd4 10. Qf4 0-0-0 11. Be3 Bb4+ 12. Kf1 Qd3+ 13. Ne2 Qd1+ 14. Rxd1 Rxd1# 0-1